| 000 | 00979cam a22002535a 4500 | ||
|---|---|---|---|
| 001 | L158166 | ||
| 008 | 140929s2014 xxk f 000 0 eng d | ||
| 020 | _a9780415642514 | ||
| 035 | _a(Sirsi) u158166 | ||
| 041 | 0 | _aeng | |
| 050 | 0 | 4 | _a696.9 |
| 100 | 1 | _aDixon, Tim | |
| 245 | 0 | 0 |
_aUrban retrofitting for sustainability _bMapping the transition to 2050 |
| 260 |
_aLondon _bRoutledge _c2014 |
||
| 300 | _a286p, 24cm | ||
| 520 | _aExplains the importance of the tranformation of the current building stock and urban infrastructure in the transition to a low carbon future by 2050. Brings together interdisciplinary research contributions from leading international experts to focus on key issues such as systems innovation, financing tools. governance, and energy and water management. | ||
| 590 | _aKA | ||
| 651 | 4 | _aInternational | |
| 690 |
_aSustainability _96271 |
||
| 700 | 1 | _aEames, Malcolm | |
| 700 | 1 | _aHunt, Miriam | |
| 700 | 1 | _aLannon, Simon | |
| 942 | _n0 | ||
| 999 |
_c115180 _d115180 |
||